| 000 | 02259nam0a2200385 4500 | ||
|---|---|---|---|
| 001 | RU\NLR\ONL2\2917 | ||
| 005 | 20260406160908.0 | ||
| 035 | _a(NLR Aleph) 009650518 | ||
| 090 |
_a9572722 _c9572722 |
||
| 100 | _a20050224d1840 |||y0rusy50 ca | ||
| 101 | 0 | _aale | |
| 102 | _aRU | ||
| 105 | _ay ||||||||| | ||
| 181 | 0 |
_ai _baxxe |
|
| 182 | 0 | _an | |
| 200 | 1 |
_aАгукум аналиган силян акалуга чугагухтан, Камга-туккум, Иуаннак Виниаминув илахтаган алугасакангин, унганган кулянин, 1833 слюляган. Ильлюлям илан _dУказание пути в царствие небесное, поучение на алеутско-лисьевском языке, сочиненное свящ. Иоанном Вениаминовым 1833 года |
|
| 203 |
_aТекст _bвизуальный _cнепосредственный |
||
| 210 |
_aМосква _cСинод. тип. _d1840 |
||
| 215 |
_a[4],4,134 с. старослав. паг. _d19 |
||
| 300 | _aТекст на алеут. яз. церковнослав. транскрипцией | ||
| 325 | _aКопия доступна в Электрон. б-ке РНБ http://vivaldi.nlr.ru/br000000001/view | ||
| 510 | 1 |
_aУказание пути в царствие небесное, поучение на алеутско-лисьевском языке, сочиненное свящ. Иоанном Вениаминовым 1833 года _zrus |
|
| 606 | 0 |
_aХристианское вероучение _91307288 _3RU\NLR\auth\66225057 |
|
| 686 | 1 | _aЭ372.24-4 | |
| 700 | 0 |
_4070 _7ca _8rus _aИннокентий _cВениаминов-Попов, Иван Евсеевич _cмитрополит _f1797-1879 _9118463 _3RU\NLR\AUTH\778561 |
|
| 801 | 0 |
_aRU _bNLR _c20050224 _gPSBO |
|
| 852 |
_aNLR _bОНЛ _jАлеут./2-2 |
||
| 942 | _cBOOK | ||
| 980 | _aNB | ||
| 980 | _aONL_RF | ||
| 981 | 3 | 6 | _a(36) Цифровой репозиторий РНБ |
| 981 | 2 | 3 |
_a(23) Национальные литературы _b(23) Книги на национальных языках |